Johnny Cash Songs - Statistics

General Stats
  • This quiz has been taken 100 times
  • The average score is 8 of 24
Answer Stats
Hint Answer % Correct
2 Ring of Fire
90%
1 Folsom Prison Blues
84%
11 Hurt
84%
3 I Walk the Line
74%
15 Jackson
50%
5 A Boy Named Sue
49%
8 Man In Black
44%
13 Big River
33%
24 Cry, Cry, Cry
33%
10 Highwayman
33%
19 Ghost Riders In The Sky
31%
12 One Piece At A Time
30%
22 Get Rhythm
26%
9 Sunday Morning Coming Down
20%
6 Ballad Of A Teenage Queen
16%
20 Daddy Sang Bass
15%
4 Don't Take Your Guns To Town
11%
16 The Ballad Of Ira Hayes
10%
21 Five Feet High And Rising
9%
23 Understand Your Man
6%
7 Guess Things Happen That Way
5%
18 There You Go
4%
14 Flesh And Blood
3%
17 The One On The Right Is On The Left
3%
No matching quizzes found
Score Distribution
Percent of People with Each Score
Percentile by Number Answered
Your Score History
You have not taken this quiz